000 00511nam a2200181Ia 4500
005 20250326123711.0
008 250326s9999 xx 000 0 und d
037 _aTextbook
040 _aFMSL
_beng
_cFMSL
041 _aeng
_2eng
084 _aX8(A):8 P5
_qFMSL
100 _aPrahalad C K
245 0 _aFortune at the bottom of the pyramid
_cPrahalad C K
260 _aNew Delhi
_bNew Delhi, Pearson Education
_c2005
300 _a397p
942 _cTB
_hX8(A):8 P5
999 _c1270561
_d1270561